The story of architecture of the 20th century / (Record no. 20985)

MARC details
000 -LEADER
fixed length control field 02580nam a2200265 4500
001 - CONTROL NUMBER
control field vtls002136360
003 - CONTROL NUMBER IDENTIFIER
control field MY-SjTCS
005 - DATE AND TIME OF LATEST TRANSACTION
control field 20200306153457.0
008 - FIXED-LENGTH DATA ELEMENTS--GENERAL INFORMATION
fixed length control field 110218s1999 gw a 001 eng
020 ## - INTERNATIONAL STANDARD BOOK NUMBER
International Standard Book Number 3829020457
039 #9 - LEVEL OF BIBLIOGRAPHIC CONTROL AND CODING DETAIL [OBSOLETE]
Level of rules in bibliographic description 201909181007
Level of effort used to assign nonsubject heading access points ummi
Level of effort used to assign subject headings 201102181620
Level of effort used to assign classification VLOAD
-- 200407271925
-- VLOAD
082 04 - DEWEY DECIMAL CLASSIFICATION NUMBER
Classification number 720.9
Item number TIE
100 1# - MAIN ENTRY--PERSONAL NAME
Personal name Tietz, Jürgen,
Dates associated with a name 1964-
9 (RLIN) 13089
245 14 - TITLE STATEMENT
Title The story of architecture of the 20th century /
Statement of responsibility, etc. Jurgen Tietz ; [with contributions from Wolfgang Hoffman and Phillipp Meuseur ; drawings, Meuser Architects, Berlin ; translated from German, Susan Bennett in association with Goodfellow & Egan, Cambridge]
260 ## - PUBLICATION, DISTRIBUTION, ETC.
Place of publication, distribution, etc. Cologne :
Name of publisher, distributor, etc. Könemann,
Date of publication, distribution, etc. c1999
300 ## - PHYSICAL DESCRIPTION
Extent 119 p. :
Other physical details ill. (some col.) ;
Dimensions 30 cm.
500 ## - GENERAL NOTE
General note Translation of: Geschicthe der Architektur des 20. Jahrhunderts
505 0# - FORMATTED CONTENTS NOTE
Formatted contents note Architecture At The Turn Of The Century. The Roots in the 18th and 19th Centuries. Art Nouveau. Adolf Loos. Frank Lloyd Wright. - The First Moderns. Modernization and Industrialization. Neoclassicism. Peter Behrens. Expressionism. Cubism. Futurism. - The International Style. Architecture after the First World War. De. Stijl. The Bauhaus. Constructivism. Rationalism versus Neoclassicism. New Building in Germany. Town Planning in the 20th Century. - American Architecture. Land Speculation and Architecture Engineering. Europe meets USA. Art Deco. - Architecture And Power. The Rule of Force. - The Globalization Of Modern Architecture. Visions of a City Architecture. The Bauhaus Tradition in the USA. Miew van der Rohe. Reactions. Architecture as Sculpture. Le Corbusier. The New City. Town Planning in the 20th Century. - Vision And Reality. Socialism versus Capitalism. Brutalism. Expression in Concrete. Louis I. Kahn. Alvar Aalto. Approaches to History. The Glass Office. - High-Tech And Postmodern. High-Tech Architectgure. De-Architecture. Postmodernism. Kenzo Tange. - Crossing Boundaries. Culture as Experience and Consumerism. Deconstruction. The Rationalist Tradition in Italy. James Stirling. The School of Tessin. Japan. - Looking Into The Future. Contemporary but Eternal. Architecture in the Virtual Age. The Aesthetic of Simplicity. Sculpture and Architecture. Architecture in the 21st Century. - Dictionary of Terms. - Index of Names. - Picture Credits.
650 #0 - SUBJECT ADDED ENTRY--TOPICAL TERM
Topical term or geographic name entry element Architecture
General subdivision History.
9 (RLIN) 7995
650 #0 - SUBJECT ADDED ENTRY--TOPICAL TERM
Topical term or geographic name entry element Architecture, Modern
Chronological subdivision 20th century
General subdivision History.
9 (RLIN) 201285
700 1# - ADDED ENTRY--PERSONAL NAME
Personal name Bennett, Susan.
Relator term (tr.)
9 (RLIN) 201286
700 1# - ADDED ENTRY--PERSONAL NAME
Personal name Hoffman, Wolfgang.
9 (RLIN) 201287
700 1# - ADDED ENTRY--PERSONAL NAME
Personal name Meuser, Philipp,
Dates associated with a name 1969-
9 (RLIN) 25167
920 ## - Programme
Programme DIP : 522707
Holdings
Withdrawn status Lost status Source of classification or shelving scheme Damaged status Not for loan Home library Current library Date acquired Total Checkouts Barcode Date last seen Date last checked out Copy number Uniform Resource Identifier Koha item type Public note
    Dewey Decimal Classification     Taylor's Library-TU Taylor's Library-TU 27/07/2004 54 5000027788 05/12/2019 30/05/2019 1 Floor 4, Shelf 30 , Side 1, TierNo 5, BayNo 8 Main Collection SABDx,23003,03,CL